| 000 | 00452nam a2200181Ia 4500 | ||
|---|---|---|---|
| 005 | 20240730051705.0 | ||
| 008 | 240331s9999 xx 000 0 und d | ||
| 082 |
_bWIC _a294 |
||
| 100 | _aWickremasinghe, M | ||
| 245 | 0 |
_aBuddism and culture _cMartin, Wickramasinghe |
|
| 260 |
_aCeylon _bTisara Poth Prakasakayo _c1964 |
||
| 300 | _a202 p ., | ||
| 650 | _aBuddhism | ||
| 650 | _aCulture | ||
| 650 | _aPsychology | ||
| 650 | _aPolitics | ||
| 942 | _cL | ||
| 999 |
_c1366 _d1366 |
||